| 000 | 00000nam 2200000za 4500 |
| 001 | 9.573814 |
| 003 | CaOODSP |
| 005 | 20210624183900 |
| 007 | cr ||||||||||| |
| 008 | 150406|1992||||xxc|||||o f|0| 0 eng d |
| 022 | |a1488-5379 |
| 040 | |aCaOODSP|beng |
| 043 | |an-cn--- |
| 086 | 1 |aFs97-6/1865E-PDF |
| 110 | 1 |aCanada. |bDepartment of Fisheries and Oceans. |
| 245 | 10|aTwenty-five years of research on the Great Lakes, 1967-1991 / |h[electronic resource]|cby M.G. Johnson and J.M. Cooley. |
| 260 | |aBurlington - Ontario : |bFisheries and Oceans Canada |c1992. |
| 300 | |a52p.|bglossary, references |
| 490 | 1 |aCanadian technical report of fisheries and aquatic sciences|x1488-5379|vNo. 1865 |
| 500 | |aThe catalogue number (Fs97-6/1865E) and ISSN (0706-6457) for the print edition have been incorrectly copied in this electronic publication. |
| 546 | |a(Résumé en français) |
| 590 | |a12-22-Supp|b2012-05-24 |
| 720 | 1 |aJohnson, M. G. |
| 720 | 1 |aCooley, J. M. |
| 776 | 0#|tTwenty-five years of research on the Great Lakes, 1967-1991 / |w(CaOODSP)9.610072 |
| 830 | #0|aCanadian technical report of fisheries and aquatic sciences,|x1488-5379|vNo. 1865|w(CaOODSP)9.504449 |
| 856 | 40|ahttp://publications.gc.ca|qPDF|s15.52 MB|uhttps://publications.gc.ca/collections/collection_2012/mpo-dfo/Fs97-6-1865-eng.pdf|yNo. 1865 |